[Event "14.Zlata Praha-A"]
[Site "Praha"]
[Date "2018.06.30"]
[Round "1.2"]
[White "Vokoun, Jan"]
[Black "Sergeev, Vladimir"]
[Result "0-1"]
[WhiteElo "2124"]
[BlackElo "2410"]
[PlyCount "82"]
[EventDate "2018.06.30"]
[EventType "tourn"]
[EventRounds "9"]
[EventCountry "CZE"]

1. Nf3 d5 2. g3 c6 3. Bg2 Bf5 4. O-O e6 5. b3 Nf6 6. Bb2 h6 7. d3 Bc5 8. a3 a5
9. Nbd2 O-O 10. c3 Nbd7 11. b4 Bd6 12. Re1 Bh7 13. Qb3 Qb6 14. Rab1 Ng4 15. Rf1
Rfb8 16. Nd4 Bf8 17. Qd1 Ngf6 18. Nc2 Bg6 19. c4 Bh5 20. Bc3 Qc7 21. h3 axb4
22. axb4 b5 23. f4 bxc4 24. dxc4 Bg6 25. Rb2 Re8 26. Bxf6 Nxf6 27. Ne1 Reb8 28.
b5 cxb5 29. cxd5 Nxd5 30. Bxd5 Qc5+ 31. Kh2 Qxd5 32. Nef3 Ba3 33. Rb3 Rc8 34.
Qa1 Bb4 35. Qe5 Qxe5 36. fxe5 Bxd2 37. Nxd2 Ra2 38. Nf3 Rxe2+ 39. Kg1 Rcc2 40.
Nh4 Be4 41. Rd1 g5 0-1

[Event "14.Zlata Praha-A"]
[Site "Praha"]
[Date "2018.06.30"]
[Round "1.3"]
[White "Kozusek, Daniel"]
[Black "Steiner, Bruno"]
[Result "1-0"]
[WhiteElo "2297"]
[BlackElo "2194"]
[PlyCount "71"]
[EventDate "2018.06.30"]
[EventType "tourn"]
[EventRounds "9"]
[EventCountry "CZE"]

1. d4 d5 2. Bf4 e6 3. e3 Bd6 4. Bg3 Nf6 5. Nd2 c5 6. c3 O-O 7. Ngf3 Qc7 8. Bd3
Nbd7 9. Bxd6 Qxd6 10. O-O e5 11. dxc5 Nxc5 12. Nc4 Qe7 13. Ncxe5 g5 14. h3 h5
15. g4 hxg4 16. Nxg4 Nxg4 17. hxg4 Bxg4 18. Be2 Ne4 19. Kg2 Rae8 20. Qd4 f6 21.
Rh1 Kg7 22. Nxg5 Bf5 23. Nxe4 dxe4 24. Rag1 Bg6 25. Kf1 Rd8 26. Qxa7 Rh8 27.
Rxh8 Rxh8 28. Qa5 Qd7 29. Rg3 Rh3 30. Rxh3 Qxh3+ 31. Ke1 Qh1+ 32. Bf1 Qh2 33.
Qb6 Qb8 34. Ba6 Bf7 35. Qxb7 Qd6 36. Bc4 1-0

[Event "14.Zlata Praha-A"]
[Site "Praha"]
[Date "2018.06.30"]
[Round "1.4"]
[White "Londyn, Radek"]
[Black "Miesbauer, Jan"]
[Result "1/2-1/2"]
[WhiteElo "2427"]
[BlackElo "2282"]
[PlyCount "42"]
[EventDate "2018.06.30"]
[EventType "tourn"]
[EventRounds "9"]
[EventCountry "CZE"]

1. Nf3 Nf6 2. g3 g6 3. Bg2 Bg7 4. O-O O-O 5. d3 d6 6. e4 e5 7. c3 Nbd7 8. Re1
a5 9. a4 Nc5 10. Qc2 Re8 11. Nbd2 d5 12. exd5 Qxd5 13. d4 Bf5 14. Qd1 exd4 15.
Nxd4 Qd7 16. Rxe8+ Rxe8 17. Nxf5 Qxf5 18. Nf3 Qd3 19. Qxd3 Nxd3 20. Bf1 Nxc1
21. Rxc1 Nd7 1/2-1/2

[Event "14.Zlata Praha-A"]
[Site "Praha"]
[Date "2018.06.30"]
[Round "1.5"]
[White "Plischki, Sebastian"]
[Black "Hrabusa, Matej"]
[Result "1/2-1/2"]
[WhiteElo "2413"]
[BlackElo "2386"]
[PlyCount "27"]
[EventDate "2018.06.30"]
[EventType "tourn"]
[EventRounds "9"]
[EventCountry "CZE"]

1. d4 d5 2. c4 e6 3. Nc3 Bb4 4. cxd5 exd5 5. Nf3 Nf6 6. Bf4 c6 7. e3 Bf5 8. Rc1
O-O 9. Be2 Re8 10. O-O Ne4 11. Nxe4 Bxe4 12. a3 Bxf3 13. Bxf3 Bd6 14. Bxd6
1/2-1/2

[Event "14.Zlata Praha-A"]
[Site "Praha"]
[Date "2018.07.01"]
[Round "2.1"]
[White "Frolov, Artur"]
[Black "Hrabusa, Matej"]
[Result "1-0"]
[WhiteElo "2406"]
[BlackElo "2386"]
[PlyCount "163"]
[EventDate "2018.06.30"]
[EventType "tourn"]
[EventRounds "9"]
[EventCountry "CZE"]

1. e4 c5 2. Nf3 d6 3. d4 cxd4 4. Nxd4 Nf6 5. Nc3 a6 6. Be3 e5 7. Nb3 Be7 8. f3
Be6 9. Qd2 h5 10. Nd5 Nxd5 11. exd5 Bf5 12. Bd3 Bxd3 13. Qxd3 Nd7 14. a4 Rc8
15. a5 Bh4+ 16. g3 Bg5 17. Bf2 h4 18. O-O Qf6 19. g4 O-O 20. c3 Qf4 21. Kg2 f5
22. gxf5 Rxf5 23. Bg3 hxg3 24. hxg3 e4 25. fxe4 Ne5 26. gxf4 Nxd3 27. exf5
Nxf4+ 28. Kg3 Nxd5 29. Nd4 Bf6 30. Rfe1 Kf7 31. Nf3 Ne7 32. Ra4 Nxf5+ 33. Kf4
Ne7 34. Ng5+ Kg6 35. Ne4 Be5+ 36. Ke3 Rh8 37. Kd3 Nd5 38. Rg1+ Kf7 39. Rf1+ Ke7
40. Ng5 Bf6 41. Re1+ Kd7 42. Rg4 Rh2 43. Re2 Rh5 44. Ne4 Rh3+ 45. Kd2 Be5 46.
Nc5+ Kc6 47. Nd3 Bf6 48. Nb4+ Nxb4 49. Rxb4 Rh5 50. Rc4+ Kd7 51. Ra4 Rb5 52.
Kc2 Bd8 53. Rg2 g5 54. b4 Rf5 55. Ra1 Bf6 56. Rd1 Be5 57. Rd3 Bf4 58. Rh3 Re5
59. Kd3 Kc6 60. Re2 Rd5+ 61. Kc4 Rd1 62. Re7 d5+ 63. Kb3 Rb1+ 64. Ka2 Rd1 65.
Rh6+ Kb5 66. Kb3 Rb1+ 67. Kc2 Rc1+ 68. Kd3 Rd1+ 69. Ke2 Rd2+ 70. Kf3 Rd3+ 71.
Kg4 Rxc3 72. Rxb7+ Ka4 73. Rxa6 d4 74. Ra8 d3 75. Rd8 d2 76. a6 Rc8 77. Rd3 Rc3
78. Rxd2 Bxd2 79. a7 Rc4+ 80. Kf3 Rf4+ 81. Ke2 Rf8 82. Rb8 1-0

[Event "14.Zlata Praha-A"]
[Site "Praha"]
[Date "2018.07.01"]
[Round "2.2"]
[White "Miesbauer, Jan"]
[Black "Plischki, Sebastian"]
[Result "1/2-1/2"]
[WhiteElo "2282"]
[BlackElo "2413"]
[PlyCount "63"]
[EventDate "2018.06.30"]
[EventType "tourn"]
[EventRounds "9"]
[EventCountry "CZE"]

1. e4 c5 2. Nf3 Nc6 3. Bb5 Nf6 4. e5 Nd5 5. Nc3 Nc7 6. a4 g6 7. O-O Bg7 8. Re1
O-O 9. Bxc6 dxc6 10. d3 Bg4 11. h3 Bxf3 12. Qxf3 Ne6 13. Bf4 f5 14. a5 Qc7 15.
Qe3 Rad8 16. Ne2 Rd5 17. c4 Rd7 18. h4 Rfd8 19. Ra3 Nxf4 20. Nxf4 Bh6 21. h5 e6
22. Qg3 Bxf4 23. Qxf4 Rxd3 24. Rxd3 Rxd3 25. hxg6 hxg6 26. Qg5 Qf7 27. Re3 Rxe3
28. Qxe3 Qe7 29. Qh6 g5 30. Qg6+ Kf8 31. Qh6+ Kg8 32. Qg6+ 1/2-1/2

[Event "14.Zlata Praha-A"]
[Site "Praha"]
[Date "2018.07.01"]
[Round "2.3"]
[White "Steiner, Bruno"]
[Black "Londyn, Radek"]
[Result "0-1"]
[WhiteElo "2194"]
[BlackElo "2427"]
[PlyCount "60"]
[EventDate "2018.06.30"]
[EventType "tourn"]
[EventRounds "9"]
[EventCountry "CZE"]

1. d4 Nf6 2. Nf3 d6 3. Nc3 d5 4. Bg5 Ne4 5. e3 Nxg5 6. Nxg5 e5 7. Nf3 e4 8. Ne5
g6 9. Nxd5 Qxd5 10. Bc4 Qa5+ 11. c3 Be6 12. Bxe6 fxe6 13. Qg4 Qa6 14. Qf4 Be7
15. Qf7+ Kd8 16. Qg7 Re8 17. Qxh7 Nd7 18. Nf7+ Kc8 19. Qxg6 Nf6 20. Nh6 Qb5 21.
g4 Qxb2 22. O-O Kd7 23. d5 Nxd5 24. Rad1 Bd6 25. c4 Qe5 26. Qh5 Qxh5 27. gxh5
Rh8 28. Nf7 Bxh2+ 29. Kxh2 Rxh5+ 30. Kg3 Rg8+ 0-1

[Event "14.Zlata Praha-A"]
[Site "Praha"]
[Date "2018.07.01"]
[Round "2.4"]
[White "Sergeev, Vladimir"]
[Black "Kozusek, Daniel"]
[Result "1/2-1/2"]
[WhiteElo "2410"]
[BlackElo "2297"]
[PlyCount "128"]
[EventDate "2018.06.30"]
[EventType "tourn"]
[EventRounds "9"]
[EventCountry "CZE"]

1. Nf3 d5 2. g3 c6 3. d3 Bg4 4. Nbd2 Nd7 5. Bg2 e6 6. h3 Bh5 7. e4 Bd6 8. Qe2
Ne7 9. b3 O-O 10. Bb2 f6 11. exd5 e5 12. dxc6 Nxc6 13. Ne4 Bb4+ 14. c3 Nd4 15.
Qd1 f5 16. Neg5 e4 17. dxe4 fxe4 18. Qxd4 exf3 19. Qd5+ Kh8 20. Nxf3 Qe7+ 21.
Kf1 Rae8 22. Re1 Qc5 23. Qxc5 Bxc5 24. Rxe8 Rxe8 25. b4 Bb6 26. c4 Bf7 27. Nd2
a5 28. c5 Bc7 29. a3 axb4 30. axb4 Ne5 31. Bd4 Nd3 32. Bxb7 Rb8 33. Be4 Nxb4
34. Ke2 Be6 35. Rb1 Kg8 36. h4 g6 37. Bc3 Na6 38. Rxb8+ Bxb8 39. c6 Nc5 40. Bg2
Kf7 41. Ne4 Bg4+ 42. Kd2 Nxe4+ 43. Bxe4 Bc7 44. Ke3 h6 45. Bd5+ Kf8 46. Bf6 Bf5
47. f4 h5 48. Be5 Bb6+ 49. Bd4 Ba5 50. Be4 Ke7 51. Bc5+ Ke6 52. Kd4 Bc3+ 53.
Ke3 Bd2+ 54. Kf3 Be1 55. c7 Kd7 56. Bxf5+ gxf5 57. Bd6 Ba5 58. Ke3 Bxc7 59.
Bxc7 Kxc7 60. Kd3 Kd7 61. Kc3 Kc7 62. Kb3 Kb7 63. Kb4 Kb6 64. Kc4 Kc6 1/2-1/2

[Event "14.Zlata Praha-A"]
[Site "Praha"]
[Date "2018.07.01"]
[Round "2.5"]
[White "Burdalev, Kirill"]
[Black "Vokoun, Jan"]
[Result "1/2-1/2"]
[WhiteElo "2377"]
[BlackElo "2124"]
[PlyCount "91"]
[EventDate "2018.06.30"]
[EventType "tourn"]
[EventRounds "9"]
[EventCountry "CZE"]

1. d4 Nc6 2. d5 Ne5 3. e4 e6 4. f4 Ng6 5. dxe6 dxe6 6. Qxd8+ Kxd8 7. Nf3 Nf6 8.
Bd3 Bc5 9. Nc3 Bd7 10. a3 a6 11. e5 Ng4 12. Ne4 Ba7 13. Ke2 Bc6 14. Rf1 Nh6 15.
g3 Ke8 16. Neg5 Nf5 17. Rd1 h6 18. Ne4 Rd8 19. Nf2 Nf8 20. Bd2 Nd7 21. Ba5 Bb6
22. Bxb6 Nxb6 23. Bxf5 exf5 24. Nd4 Bd7 25. Nd3 Ke7 26. Nc5 Bc8 27. Nf3 Nc4 28.
Rxd8 Rxd8 29. b3 Na5 30. h4 b6 31. Nd3 Bb7 32. Nd2 Nc6 33. c3 a5 34. Ke3 Ba6
35. c4 Nd4 36. Rc1 Bb7 37. b4 Nc6 38. Nf3 axb4 39. axb4 Ra8 40. b5 Nd8 41. Nd4
Be4 42. Rc3 Ne6 43. Nxe6 Kxe6 44. Nb4 Ra1 45. Nd5 Kd7 46. Nb4 1/2-1/2

[Event "14.Zlata Praha-A"]
[Site "Praha"]
[Date "2018.07.02"]
[Round "3.1"]
[White "Vokoun, Jan"]
[Black "Frolov, Artur"]
[Result "0-1"]
[WhiteElo "2124"]
[BlackElo "2406"]
[PlyCount "54"]
[EventDate "2018.06.30"]
[EventType "tourn"]
[EventRounds "9"]
[EventCountry "CZE"]

1. d4 Nf6 2. Nf3 g6 3. c4 Bg7 4. Nc3 O-O 5. e4 d6 6. h3 e5 7. d5 Nh5 8. Be3 b6
9. g3 Qe8 10. Be2 f5 11. exf5 gxf5 12. Ng5 Nf6 13. Qd2 Na6 14. f4 Nc5 15. Bxc5
bxc5 16. Nb5 Qe7 17. O-O-O a6 18. Nc3 Rb8 19. fxe5 Qxe5 20. Nf3 Qe7 21. Bd3 Ne4
22. Qe2 Bxc3 23. bxc3 Qf6 24. Bxe4 fxe4 25. Ne1 Qxc3+ 26. Nc2 Rf3 27. Rhf1 e3
0-1

[Event "14.Zlata Praha-A"]
[Site "Praha"]
[Date "2018.07.02"]
[Round "3.2"]
[White "Kozusek, Daniel"]
[Black "Burdalev, Kirill"]
[Result "1-0"]
[WhiteElo "2297"]
[BlackElo "2377"]
[PlyCount "91"]
[EventDate "2018.06.30"]
[EventType "tourn"]
[EventRounds "9"]
[EventCountry "CZE"]

1. d4 Nf6 2. c4 c5 3. d5 e6 4. Nc3 exd5 5. cxd5 d6 6. Nf3 g6 7. Bf4 a6 8. Nd2
Nh5 9. Qa4+ b5 10. Nxb5 axb5 11. Qxa8 Nd7 12. Bg5 Qxg5 13. Qxc8+ Ke7 14. Qc6
Bg7 15. Rb1 Rb8 16. Qxd6+ Kd8 17. h4 Qg4 18. Qa6 Be5 19. Qa3 Nhf6 20. Qf3 Qa4
21. g4 c4 22. Bg2 Qc2 23. e4 c3 24. bxc3 Bxc3 25. O-O Be5 26. Qd1 Qc7 27. g5
Bh2+ 28. Kh1 Nh5 29. Rc1 Qf4 30. Nf3 Bg3 31. fxg3 Nxg3+ 32. Kg1 Qe3+ 33. Rf2
Nxe4 34. Qe1 Qxf2+ 35. Qxf2 Nxf2 36. Kxf2 Ra8 37. Rc2 f6 38. Nd4 fxg5 39. d6
Ra4 40. Ne6+ Ke8 41. Nxg5 Nf6 42. Bh3 Ng4+ 43. Bxg4 Rxg4 44. Rc7 Ra4 45. Re7+
Kd8 46. Ne6+ 1-0

[Event "14.Zlata Praha-A"]
[Site "Praha"]
[Date "2018.07.02"]
[Round "3.3"]
[White "Londyn, Radek"]
[Black "Sergeev, Vladimir"]
[Result "0-1"]
[WhiteElo "2427"]
[BlackElo "2410"]
[PlyCount "118"]
[EventDate "2018.06.30"]
[EventType "tourn"]
[EventRounds "9"]
[EventCountry "CZE"]

1. e4 d5 2. exd5 Qxd5 3. Nc3 Qa5 4. d4 c6 5. Nf3 Nf6 6. Bc4 Bg4 7. h3 Bxf3 8.
Qxf3 e6 9. O-O Bd6 10. Bd2 Qc7 11. Ne4 Nxe4 12. Qxe4 O-O 13. Bd3 g6 14. c4 Nd7
15. b4 Rfe8 16. b5 c5 17. Rac1 cxd4 18. Qxd4 Nc5 19. Bc2 Rad8 20. Qe3 Bh2+ 21.
Kh1 Rxd2 22. Qxd2 Bf4 23. Qe2 Bxc1 24. Rxc1 Rd8 25. Qe3 b6 26. Rd1 Rd6 27. Qf3
Rxd1+ 28. Bxd1 Qd6 29. Be2 Qe5 30. a3 Kg7 31. Kg1 Qd4 32. Bf1 h5 33. g3 h4 34.
gxh4 Qxh4 35. Qd1 Qg5+ 36. Bg2 Qf4 37. Qc2 Qd4 38. Qc1 Qxf2+ 39. Kxf2 Nd3+ 40.
Ke3 Nxc1 41. Kd4 Nb3+ 42. Ke5 Nd2 43. Kd4 Nb3+ 44. Ke5 Nd2 45. Kd4 Kf6 46. Kc3
Nb1+ 47. Kb2 Nxa3 48. Kxa3 Ke5 49. h4 Kf4 50. Bc6 Kg4 51. Be8 f5 52. Bxg6 Kxh4
53. Kb3 Kg5 54. Bf7 e5 55. Kc3 Kf4 56. Kd3 Kf3 57. Bg6 e4+ 58. Kc3 e3 59. Kd3
Kf2 0-1

[Event "14.Zlata Praha-A"]
[Site "Praha"]
[Date "2018.07.02"]
[Round "3.4"]
[White "Plischki, Sebastian"]
[Black "Steiner, Bruno"]
[Result "1/2-1/2"]
[WhiteElo "2413"]
[BlackElo "2194"]
[PlyCount "32"]
[EventDate "2018.06.30"]
[EventType "tourn"]
[EventRounds "9"]
[EventCountry "CZE"]

1. d4 d5 2. c4 e6 3. Nc3 Nf6 4. Nf3 Be7 5. Bg5 h6 6. Bh4 O-O 7. e3 Ne4 8. Bxe7
Qxe7 9. Rc1 c6 10. Bd3 Nxc3 11. Rxc3 Nd7 12. O-O e5 13. dxe5 dxc4 14. Rxc4 Nxe5
15. Re4 Nxf3+ 16. Qxf3 Be6 1/2-1/2

[Event "14.Zlata Praha-A"]
[Site "Praha"]
[Date "2018.07.02"]
[Round "3.5"]
[White "Hrabusa, Matej"]
[Black "Miesbauer, Jan"]
[Result "1-0"]
[WhiteElo "2386"]
[BlackElo "2282"]
[PlyCount "39"]
[EventDate "2018.06.30"]
[EventType "tourn"]
[EventRounds "9"]
[EventCountry "CZE"]

1. c4 Nf6 2. Nc3 e6 3. e4 e5 4. Nf3 Nc6 5. d4 Bb4 6. dxe5 Nxe4 7. Qc2 d5 8. a3
Bxc3+ 9. bxc3 Bg4 10. Be3 Bxf3 11. gxf3 Ng5 12. f4 d4 13. O-O-O Ne6 14. cxd4
Ncxd4 15. Bxd4 Nxd4 16. Qa4+ c6 17. c5 Qd5 18. Qxd4 Qxh1 19. Qd7+ Kf8 20. Bc4
1-0

[Event "14.Zlata Praha-A"]
[Site "Praha"]
[Date "2018.07.03"]
[Round "4.1"]
[White "Frolov, Artur"]
[Black "Miesbauer, Jan"]
[Result "1-0"]
[WhiteElo "2406"]
[BlackElo "2282"]
[PlyCount "93"]
[EventDate "2018.06.30"]
[EventType "tourn"]
[EventRounds "9"]
[EventCountry "CZE"]

1. d4 Nf6 2. Nf3 e6 3. g3 b6 4. Bg2 Bb7 5. O-O Be7 6. c4 O-O 7. Nc3 Ne4 8. Nxe4
Bxe4 9. Bf4 c6 10. Rc1 d6 11. b4 Nd7 12. Qb3 Nf6 13. Rfd1 Qc8 14. Bh3 Qb7 15.
Nd2 Bg6 16. Bg2 d5 17. b5 Rac8 18. a4 Rfd8 19. Qb2 h6 20. Be5 Qd7 21. h3 cxb5
22. axb5 dxc4 23. Bc6 Rxc6 24. bxc6 Qxc6 25. Rxc4 Qd5 26. f3 Ne8 27. e4 Qd7 28.
Rdc1 f6 29. Bc7 Rc8 30. Bf4 Rd8 31. Be3 Bd6 32. Kg2 Qb7 33. Qc3 b5 34. Rc8 Rd7
35. Qc6 a5 36. Qxb7 Rxb7 37. R1c6 Bf8 38. Rxe6 a4 39. Rexe8 Bxe8 40. Rxe8 Rc7
41. Ra8 Rc2 42. Kf2 a3 43. Ke2 b4 44. Kd1 b3 45. Bf4 a2 46. Nxb3 Rb2 47. Nc1
1-0

[Event "14.Zlata Praha-A"]
[Site "Praha"]
[Date "2018.07.03"]
[Round "4.2"]
[White "Steiner, Bruno"]
[Black "Hrabusa, Matej"]
[Result "1/2-1/2"]
[WhiteElo "2124"]
[BlackElo "2386"]
[PlyCount "178"]
[EventDate "2018.06.30"]
[EventType "tourn"]
[EventRounds "9"]
[EventCountry "CZE"]

1. Nf3 d5 2. d4 Bf5 3. c4 e6 4. cxd5 exd5 5. Qb3 Nc6 6. Nc3 Nf6 7. Bg5 Na5 8.
Qa4+ c6 9. e3 Qb6 10. O-O-O Bb4 11. Nd2 Nd7 12. f3 O-O 13. g4 Be6 14. Qc2 c5
15. Nb3 Rac8 16. Kb1 cxd4 17. exd4 Nxb3 18. axb3 Qa5 19. Bd2 b5 20. Bxb5 Rfd8
21. Bd3 Nf8 22. Be2 Rb8 23. Bf4 Rb7 24. Rc1 Ng6 25. Bg3 Bd6 26. Na4 Bf4 27. Be1
Qc7 28. Qxc7 Rxc7 29. Rxc7 Bxc7 30. Bg3 Bf4 31. Rd1 f5 32. Nc5 Bc8 33. b4 Re8
34. Bb5 Re3 35. Bc6 fxg4 36. Bxd5+ Kf8 37. Rf1 Ke7 38. Bf2 Re2 39. fxg4 Bxg4
40. Bc4 Rd2 41. Bg3 Rxd4 42. b3 Bxg3 43. hxg3 Ne5 44. Re1 Rd1+ 45. Rxd1 Bxd1
46. Bg8 h5 47. Kc1 Bf3 48. Kd2 Kd6 49. Ke3 Bg2 50. Kf4 Nc6 51. Ne4+ Ke7 52. b5
Nd4 53. Nc3 Kf6 54. Bd5 g5+ 55. Ke3 Bxd5 56. Nxd5+ Ke5 57. b6 axb6 58. Nxb6
Nxb3 59. Nc4+ Kf5 60. Kf2 Nc5 61. Kf3 Kf6 62. Nd6 Ne6 63. Ne4+ Ke5 64. Nc3 Nd4+
65. Kf2 Nf5 66. Kf3 Nd6 67. Kg2 Kd4 68. Nd1 Nc4 69. Kf3 Ne5+ 70. Kg2 Ke4 71.
Nc3+ Kd4 72. Nb5+ Ke3 73. Nd6 Nf3 74. Nf5+ Ke2 75. Ng7 Ne1+ 76. Kh3 Kf3 77.
Nxh5 Nd3 78. Nf6 Nf2+ 79. Kh2 Ne4 80. Nxe4 Kxe4 81. g4 Kf4 82. Kg1 Kg3 83. Kh1
Kxg4 84. Kg2 Kf4 85. Kf2 g4 86. Kg2 g3 87. Kg1 Kf3 88. Kf1 g2+ 89. Kg1 Kg3
1/2-1/2

[Event "14.Zlata Praha-A"]
[Site "Praha"]
[Date "2018.07.03"]
[Round "4.3"]
[White "Sergeev, Vladimir"]
[Black "Plischki, Sebastian"]
[Result "1/2-1/2"]
[WhiteElo "2410"]
[BlackElo "2413"]
[PlyCount "20"]
[EventDate "2018.06.30"]
[EventType "tourn"]
[EventRounds "9"]
[EventCountry "CZE"]

1. d4 Nf6 2. Nf3 g6 3. Bg5 Bg7 4. Nbd2 O-O 5. c3 d6 6. e3 Nbd7 7. Be2 c5 8. O-O
b6 9. a4 a6 10. Re1 Bb7 1/2-1/2

[Event "14.Zlata Praha-A"]
[Site "Praha"]
[Date "2018.07.03"]
[Round "4.4"]
[White "Burdalev, Kirill"]
[Black "Londyn, Radek"]
[Result "0-1"]
[WhiteElo "2377"]
[BlackElo "2427"]
[PlyCount "164"]
[EventDate "2018.06.30"]
[EventType "tourn"]
[EventRounds "9"]
[EventCountry "CZE"]

1. d4 Nf6 2. Nf3 d6 3. g3 g6 4. Bg2 Bg7 5. O-O O-O 6. c4 Nbd7 7. Nc3 e5 8. e4
c6 9. h3 Qa5 10. Re1 Nb6 11. Bf1 exd4 12. Nxd4 Re8 13. Bf4 Qh5 14. Bxd6 Bxh3
15. Qxh5 Nxh5 16. Bxh3 Bxd4 17. c5 Nc4 18. Rad1 Bg7 19. Re2 Rad8 20. Kg2 b5 21.
Bc7 Rxd1 22. Nxd1 f5 23. b3 Na3 24. Kf3 fxe4+ 25. Rxe4 Rf8+ 26. Kg2 Nc2 27. Bd6
Rd8 28. Ne3 Nxe3+ 29. Rxe3 Bf8 30. Be6+ Kg7 31. Be5+ Nf6 32. b4 g5 33. Ra3 Re8
34. Rxa7+ Kh6 35. Bxf6 Rxe6 36. Rf7 Bxc5 37. Bxg5+ Kg6 38. Rb7 Bxb4 39. Be3 Be7
40. g4 h5 41. gxh5+ Kxh5 42. Kf3 Kg6 43. Ke2 Kf5 44. Kd3 Ke5 45. Kc2 Bd6 46.
Kb3 Kd5 47. Rd7 Rf6 48. Ba7 c5 49. Bb8 Rf3+ 50. Kc2 Rxf2+ 51. Kc1 Rf6 52. Bxd6
Rxd6 53. Rh7 Kc4 54. Kc2 Kb4 55. Rh3 Rg6 56. Rb3+ Ka4 57. Rh3 Rg2+ 58. Kb1 c4
59. Rh4 Kb4 60. Rh3 Rd2 61. Rg3 Rd3 62. Rg2 Ka3 63. Rg5 Kb4 64. Kc2 Ra3 65. Kb1
Rf3 66. Rg2 Ka3 67. Rg5 Kb4 68. Kb2 Rf2+ 69. Kb1 Kc3 70. Rg1 Rb2+ 71. Ka1 Re2
72. Kb1 Kd2 73. Rc1 Re1 74. Rxe1 Kxe1 75. Kc2 b4 76. Kc1 Ke2 77. Kc2 Ke3 78.
Kd1 Kd3 79. Kc1 Kc3 80. Kb1 Kd2 81. Ka1 Kc2 82. a4 b3 0-1

[Event "14.Zlata Praha-A"]
[Site "Praha"]
[Date "2018.07.03"]
[Round "4.5"]
[White "Vokoun, Jan"]
[Black "Kozusek, Daniel"]
[Result "0-1"]
[WhiteElo "2124"]
[BlackElo "2297"]
[PlyCount "64"]
[EventDate "2018.06.30"]
[EventType "tourn"]
[EventRounds "9"]
[EventCountry "CZE"]

1. d4 e6 2. Nf3 f5 3. d5 exd5 4. Qxd5 d6 5. e3 Nf6 6. Qb3 Qe7 7. Be2 g6 8. c4
Nbd7 9. Nc3 c6 10. O-O Bg7 11. Qc2 Ne4 12. Nd1 O-O 13. Rb1 Ndf6 14. b4 c5 15.
bxc5 dxc5 16. Ne1 b6 17. Nd3 Bb7 18. a4 Rab8 19. a5 Ba8 20. axb6 axb6 21. Rb3
Bc6 22. Qb1 Nd7 23. f3 Nd6 24. Nf4 g5 25. Nh5 Bh8 26. Rd3 Ne5 27. Rc3 Qf7 28.
Ng3 Nexc4 29. Nxf5 Qxf5 30. Qxf5 Rxf5 31. Bxc4+ Nxc4 32. Rxc4 Bb5 0-1

[Event "14.Zlata Praha-A"]
[Site "Praha"]
[Date "2018.07.04"]
[Round "5.1"]
[White "Kozusek, Daniel"]
[Black "Frolov, Artur"]
[Result "0-1"]
[WhiteElo "2297"]
[BlackElo "2406"]
[PlyCount "134"]
[EventDate "2018.06.30"]
[EventType "tourn"]
[EventRounds "9"]
[EventCountry "CZE"]

1. d4 Nf6 2. c4 e6 3. g3 c5 4. d5 exd5 5. cxd5 d6 6. Nc3 g6 7. Bg2 Bg7 8. Nf3
O-O 9. O-O Re8 10. Nd2 a6 11. a4 Nbd7 12. Nc4 Ne5 13. Na3 b5 14. axb5 axb5 15.
Ncxb5 Ba6 16. Nc3 Qb6 17. h3 h6 18. Qc2 Rab8 19. Kh2 Re7 20. f4 Nc4 21. Nxc4
Bxc4 22. Rf2 Bb3 23. Qd2 Rbe8 24. e4 h5 25. Qd3 Qb4 26. e5 dxe5 27. fxe5 Rxe5
28. Bf4 Rf5 29. d6 Qd4 30. Rd2 Rxf4 31. gxf4 Qxf4+ 32. Kh1 Re3 33. Qf1 Rxh3+
34. Bxh3 Qxd2 35. Ra8+ Kh7 36. d7 Nxd7 37. Rd8 Qxb2 38. Ne4 Bd5 39. Bg2 Bxe4
40. Bxe4 Qf6 41. Qxf6 Nxf6 42. Bc2 Ng4 43. Rd5 Bd4 44. Rxh5+ Kg7 45. Rh4 Ne3
46. Bb1 f5 47. Rh2 g5 48. Ra2 Kf6 49. Ra8 g4 50. Kg1 Ke5 51. Kf2 Kf4 52. Rf8
g3+ 53. Ke2 g2 54. Kf2 c4 55. Rd8 Bf6 56. Rg8 Bh4+ 57. Kg1 Kf3 58. Rxg2 Nxg2
59. Bxf5 Ne3 60. Bh7 Bf2+ 61. Kh2 Ke2 62. Kh3 c3 63. Kh2 Kd2 64. Kh3 Nd5 65.
Bb1 Ne3 66. Bh7 Nc2 67. Kg2 Ne1+ 0-1

[Event "14.Zlata Praha-A"]
[Site "Praha"]
[Date "2018.07.04"]
[Round "5.2"]
[White "Londyn, Radek"]
[Black "Vokoun, Jan"]
[Result "1-0"]
[WhiteElo "2427"]
[BlackElo "2124"]
[PlyCount "89"]
[EventDate "2018.06.30"]
[EventType "tourn"]
[EventRounds "9"]
[EventCountry "CZE"]

1. d4 d5 2. Bf4 e6 3. e3 Nf6 4. Nf3 c5 5. c3 Nc6 6. Nbd2 Bd6 7. Bg3 Bxg3 8.
hxg3 Qe7 9. Ne5 Nxe5 10. dxe5 Nd7 11. Nf3 a6 12. Bd3 h6 13. g4 Qd8 14. g5 Qc7
15. Rh5 Nxe5 16. gxh6 Nxf3+ 17. Qxf3 Rxh6 18. Rxh6 gxh6 19. O-O-O Qe5 20. Rh1
Bd7 21. Rxh6 Ke7 22. Qg4 Rf8 23. Qh4+ Kd6 24. Rh5 Qg7 25. Rg5 Qh8 26. Qg3+ e5
27. Kd2 f5 28. Rg6+ Rf6 29. Qg5 Rxg6 30. Qxg6+ Kc7 31. Bxf5 Bc6 32. Qh7+ Qxh7
33. Bxh7 e4 34. f4 exf3 35. gxf3 Kd6 36. a3 a5 37. e4 b6 38. Ke3 dxe4 39. Bxe4
Bd7 40. Kf4 Bh3 41. Kg5 Bg2 42. Kf6 Bh1 43. Kf5 Bg2 44. f4 Bh3+ 45. Kf6 1-0

[Event "14.Zlata Praha-A"]
[Site "Praha"]
[Date "2018.07.04"]
[Round "5.3"]
[White "Plischki, Sebastian"]
[Black "Burdalev, Kirill"]
[Result "1-0"]
[WhiteElo "2413"]
[BlackElo "2377"]
[PlyCount "113"]
[EventDate "2018.06.30"]
[EventType "tourn"]
[EventRounds "9"]
[EventCountry "CZE"]

1. d4 Nf6 2. Nf3 d5 3. c4 c6 4. e3 a6 5. Bd3 Bg4 6. Nbd2 e6 7. Qc2 Nbd7 8. O-O
Bd6 9. b3 Qb8 10. Bb2 Bh5 11. h3 Bg6 12. Bxg6 hxg6 13. e4 dxe4 14. Nxe4 Nxe4
15. Qxe4 Nf6 16. Qe2 O-O 17. Rfd1 Re8 18. Bc3 Qc7 19. Rd3 Rad8 20. Rad1 Nh5 21.
Bd2 Nf4 22. Bxf4 Bxf4 23. h4 c5 24. dxc5 Rxd3 25. Qxd3 Qxc5 26. Qd4 Qxd4 27.
Rxd4 e5 28. Rd7 e4 29. Nd4 e3 30. Ne2 exf2+ 31. Kxf2 Be3+ 32. Kf1 b6 33. Nc3 a5
34. Nd5 Bc5 35. Rb7 Re6 36. g3 f6 37. Rb8+ Kh7 38. a3 g5 39. hxg5 fxg5 40. b4
axb4 41. axb4 Bd4 42. Rc8 Kh6 43. c5 bxc5 44. bxc5 Be5 45. g4 Ra6 46. c6 Ra4
47. Re8 Bg3 48. Kg2 Ra3 49. Re3 Ra5 50. Kxg3 Rxd5 51. Rc3 Rd8 52. c7 Rc8 53.
Kf3 Kg6 54. Ke4 Kh6 55. Kd5 g6 56. Kd6 Rxc7 57. Kxc7 1-0

[Event "14.Zlata Praha-A"]
[Site "Praha"]
[Date "2018.07.04"]
[Round "5.4"]
[White "Hrabusa, Matej"]
[Black "Sergeev, Vladimir"]
[Result "1/2-1/2"]
[WhiteElo "2386"]
[BlackElo "2410"]
[PlyCount "56"]
[EventDate "2018.06.30"]
[EventType "tourn"]
[EventRounds "9"]
[EventCountry "CZE"]

1. c4 d6 2. Nc3 g6 3. d4 Bg7 4. e4 Nc6 5. Be3 e5 6. Nge2 exd4 7. Nxd4 Nge7 8.
Be2 O-O 9. Rc1 f5 10. Nxc6 bxc6 11. c5 fxe4 12. cxd6 cxd6 13. Nxe4 d5 14. Bg5
Bxb2 15. Rxc6 Qa5+ 16. Bd2 Qa3 17. Rc3 Bxc3 18. Bxc3 Rf4 19. Nf6+ Kf7 20. Nxd5
Be6 21. Nxf4 Qxc3+ 22. Qd2 Qa1+ 23. Bd1 Qxa2 24. Nxe6 Qxd2+ 25. Kxd2 Kxe6 26.
Re1+ Kf6 27. Bf3 Rd8+ 28. Kc3 Rd7 1/2-1/2

[Event "14.Zlata Praha-A"]
[Site "Praha"]
[Date "2018.07.04"]
[Round "5.5"]
[White "Miesbauer, Jan"]
[Black "Steiner, Bruno"]
[Result "1-0"]
[WhiteElo "2282"]
[BlackElo "2194"]
[PlyCount "79"]
[EventDate "2018.06.30"]
[EventType "tourn"]
[EventRounds "9"]
[EventCountry "CZE"]

1. d4 d5 2. c4 e6 3. Nf3 Nf6 4. g3 dxc4 5. Bg2 c6 6. O-O Be7 7. a4 b6 8. Na3
Bb7 9. Nxc4 O-O 10. Nfe5 Qc8 11. Bg5 Rd8 12. a5 b5 13. a6 Nxa6 14. Na5 Nd5 15.
Nxb7 Qxb7 16. Bxd5 Rxd5 17. Bxe7 c5 18. Qb3 cxd4 19. Nd3 b4 20. Qa4 Qxe7 21.
Qxa6 e5 22. Rfc1 e4 23. Rc8+ Rd8 24. Rxa8 Rxa8 25. Nf4 g5 26. Nd5 Qe5 27. Nxb4
d3 28. Ra5 Qxb2 29. exd3 Qxb4 30. Rxg5+ Kf8 31. Qf6 e3 32. Qh8+ Ke7 33. Re5+
Kd7 34. Qxa8 Qe1+ 35. Kg2 Qxf2+ 36. Kh3 Qf1+ 37. Qg2 e2 38. Rxe2 Qf5+ 39. g4
Qxd3+ 40. Kh4 1-0